| 000 | 01084cad a22002895a 4500 | ||
|---|---|---|---|
| 001 | E152061 | ||
| 008 | 110131s2010 xxk f 100 0 eng d | ||
| 020 | _a9781842196199 | ||
| 035 | _a(Sirsi) u152061 | ||
| 041 | 0 | _aeng | |
| 100 | 1 | _aChang, Yan | |
| 111 | 2 |
_aConstruction and Building Research Conference _cDauphine Universite, Paris _d2-3 September 2010 |
|
| 245 | 0 | 0 |
_aResources and capacity _blessons learned from post-disaster reconstruction resourcing in Indonesia, China and Australia _h[electronic resource] |
| 260 |
_aLondon _bRICS _c2010 |
||
| 520 | _aA paper presented at the COBRA Conference in Paris on 2-3 September 2010. | ||
| 590 | _aKA | ||
| 650 | 2 | 4 | _aCONSTRUCTION AND BUILDING RESEARCH CONFERENCE (COBRA) |
| 651 | 4 | _aIndonesia | |
| 651 | 4 | _aChina | |
| 651 | 4 | _aAustralia | |
| 690 |
_aConstruction management _96230 |
||
| 700 | _aWilkinson, Suzanne | ||
| 700 | 1 | _aPotangaroa, Regan | |
| 700 | 1 | _aSeville, Erica | |
| 856 | 4 | 0 |
_uhttps://www.rics.org/site/scripts/download_info.aspx?fileID=7838&categoryID=720 _zBroken link - not available |
| 942 | _n0 | ||
| 999 |
_c111827 _d111827 |
||